La ciudad en tiempos de epidemias : (Registro nro. 6756)
[ vista simple ]
| 000 -LEADER | |
|---|---|
| fixed length control field | 02309cam a2200313 i 4500 |
| 005 - DATE AND TIME OF LATEST TRANSACTION | |
| control field | 20250329170351.0 |
| 007 - PHYSICAL DESCRIPTION FIXED FIELD--GENERAL INFORMATION | |
| fixed length control field | ta |
| 008 - FIXED-LENGTH DATA ELEMENTS--GENERAL INFORMATION | |
| fixed length control field | 170504s2016 ck ao gr 000 0 spa |
| 015 ## - NATIONAL BIBLIOGRAPHY NUMBER | |
| National bibliography number | ck-2016-xxxx |
| 020 ## - INTERNATIONAL STANDARD BOOK NUMBER | |
| International Standard Book Number | 978-958-8736-95-2 |
| 040 ## - CATALOGING SOURCE | |
| Original cataloging agency | CO-CtgCURN |
| Transcribing agency | spa |
| -- | coctgcurn |
| Language of cataloging | eng |
| Description conventions | rda |
| 082 04 - DEWEY DECIMAL CLASSIFICATION NUMBER | |
| Classification number | 614.40986114 |
| Item number | C581 |
| Edition information | 23 |
| 245 03 - TITLE STATEMENT | |
| Title | La ciudad en tiempos de epidemias : |
| Remainder of title | Cartagena durante el siglo XIX e inicios del XX / |
| Statement of responsibility, etc. | editores, Alfonso Múnera Cavadía, Raúl Román Romero. |
| 250 ## - EDITION STATEMENT | |
| Edition statement | Primera edición. |
| 260 #1 - PUBLICATION, DISTRIBUTION, ETC. | |
| Place of publication, distribution, etc. | Cartagena : : |
| Name of publisher, distributor, etc. | Universidad de Cartagena,, |
| Date of publication, distribution, etc. | 2016. |
| 300 ## - PHYSICAL DESCRIPTION | |
| Extent | 204 pages : |
| Other physical details | ilustraciones. (algunas color), fotografías ; |
| Dimensions | 23 cm. |
| 336 ## - CONTENT TYPE | |
| Content type term | text |
| Content type code | txt |
| Source | rdacontent |
| 337 ## - MEDIA TYPE | |
| Media type term | unmediated |
| Media type code | n |
| Source | rdamedia |
| 338 ## - CARRIER TYPE | |
| Carrier type term | volume |
| Carrier type code | nc |
| Source | rdacarrier |
| 504 ## - BIBLIOGRAPHY, ETC. NOTE | |
| Bibliography, etc. note | Bibliografía al final de cada capítulo. |
| 520 8# - SUMMARY, ETC. | |
| Summary, etc. | "El tema de la salud, las enfermedades y las consecuentes epidemias como objeto de estudio histórico no son preocupaciones recientes ni exclusivas de Colombia, y por el contrario, tienen una larga tradición, que viene desde el siglo XVIII. La mayoría de los discursos científicos, religiosos e históricos de la primera mitad de dicho siglo describían las epidemias desde una visión estética, que las presentaba como procesos derivados de la naturaleza o la divinidad, que se repetían en determinadas en forma cíclica, como consecuencia de determinadas coyunturas. A partir de la segunda mitad del siglo XVIII se presentaron transformaciones significativas dentro del tratamiento histórico de este tema. Las primeras que se pueden destacar se desprenden de los aportes de los médicos que defendieron las concepciones higienistas, cuya tendencia principal fue presentar las enfermedades como el producto de circunstancias sociales, lo cual rompía con las viejas visiones sobre el origen divino y natural de las epidemias." |
| 650 14 - SUBJECT ADDED ENTRY--TOPICAL TERM | |
| Topical term or geographic name entry element | Epidemias |
| General subdivision | Historia |
| Geographic subdivision | Cartagena |
| Chronological subdivision | Siglos XIX-XX. |
| 650 24 - SUBJECT ADDED ENTRY--TOPICAL TERM | |
| Topical term or geographic name entry element | Enfermedades transmisibles |
| Geographic subdivision | Cartagena |
| Chronological subdivision | Siglos XIX-XX. |
| 651 #4 - SUBJECT ADDED ENTRY--GEOGRAPHIC NAME | |
| Geographic name | Cartagena |
| General subdivision | Investigaciones. |
| 700 1# - ADDED ENTRY--PERSONAL NAME | |
| Personal name | Múnera Cavadía, Alfonso, |
| Dates associated with a name | 1953- |
| Relator term | editor. |
| Relationship | ed |
| 700 1# - ADDED ENTRY--PERSONAL NAME | |
| Personal name | Román Romero, Raúl, |
| Relator term | editor. |
| Relationship | ed |
| 942 ## - ADDED ENTRY ELEMENTS (KOHA) | |
| Institution code [OBSOLETE] | CTGSALUD |
| -- | CTGSALUD |
| Source of classification or shelving scheme | Dewey Decimal Classification |
| Classification part | 614.40986114 |
| Item part | C581 |
| Withdrawn status | Lost status | Source of classification or shelving scheme | Damaged status | Not for loan | Collection | Home library | Current library | Shelving location | Date acquired | Cost, normal purchase price | Inventory number | Total checkouts | Full call number | Barcode | Date last seen | Price effective from | Koha item type | Public note |
|---|---|---|---|---|---|---|---|---|---|---|---|---|---|---|---|---|---|---|
| Dewey Decimal Classification | General | Miguel Henríquez Emiliani | Miguel Henríquez Emiliani | General | 03/29/2025 | 45000.00 | 024658 | 614.40986114 C581 | 024658 | 03/29/2025 | 03/29/2025 | Cartagena | 610-CIENME |